00767 2200289 4500001002100000005001500021035002000036007000300056040001700059100003000076245003900106250001200145300003700157041000800194082001100202084001700213090002000230264003800250336002100288337003000309338002300339650002000362850001000382008004100392020002200433990002200455INLIS00000000000511020260515052338 a0010-0222000200ta aSBPUPADbind0 aBasuki SuhardiePengarang1 aPedoman Penelitian Sosiolinguistik a.-Cet.1 aviii, 76 hal. :billus. ;c24 cm aind a306.44 a306.44 SUH p a306.3 FRI l 6-5 a.--jakarta :bpusat bahasa,c2009 2rdacontentaTeks 2rdamediaaTanpa Perantara 2rdacarrieraVolume 4aSosiolinguistik aPUPAD260515 0  a978-979-685-659-6 a12102/H/KAPD/2010